zpět

Detail výsledku týmu

U sv. Filipa a Jakuba, Praha

Datum a čas kvízu

31.5 Celkem bodů Celkový počet nahraných bodů na tomto kvízu bez doplňovacích otázek.
5. Pořadí na kvízu Konečné umístění týmu na tomto kvízu.

Zaznamenané odpovědi

# Otázka Odpověď Body Výsledky
1. Český prezident Miloš Zeman se... Vídeň, šilink (Schilling) 1
2. Fastfoodový řetězec Burger Kin... je bez pravého masa 1
3. Minulé pondělí mohli fanoušci... D 1
4. Švédský nábytkářský řetězec IK... začne nabízet pronájem nábytku 1
5. Fotbalisté anglického klubu, h... Tottenham Hotspur FC 1
6. V tomto tématu ověříme vaše zn... Zvěř nehájenou lze lovit po celý rok, zvěř hájená má omezenou dobu lovu. 1
7. Vyberte jedno psí plemeno, kte... A 0
8. Jelen bílý je zvláštní barevno... Žleby, Žehušice, Kopidlno a Janovice 0
9. Kolikaterák je tento jelen? desaterák (nerovný) 0
10. Co v myslivecké mluvě znamená... oči 1